banner koha

Contribuição ao estudo do sistema escretor do pâncreas em muares (Equus Caballus x Equus Asinus) (Registro n. 191422)

MARC details
000 -LÍDER
campo de controle de tamanho fixo 00829nas a2200253 4500
001 - NÚMERO DE CONTROLE
campo de controle BR0705964
003 - IDENTIFICADOR DO NÚMERO DE CONTROLE
campo de controle BR-BrBNA
005 - DATA E HORÁRIO DA ÚLTIMA TRANSAÇÃO
campo de controle 20231205111222.0
007 - CAMPO FIXO DE DESCRIÇÃO FÍSICA--INFORMAÇÃO GERAL
campo de controle de tamanho fixo ta
008 - CAMPO DE DADOS FIXOS--INFORMAÇÃO GERAL
campo de controle de tamanho fixo 230509b bl.|||p| |||| 00| 00por d
040 ## - FONTE DA CATALOGAÇÃO
Instituição da catalogação original BR-BrBNA
Idioma da catalogação por
Instituição que transcreveu o registro Biblioteca Nacional de Agricultura
041 ## - CÓDIGO DE IDIOMA
Código do idioma do texto/trilha sonora ou título diferente (Pt)
072 ## - CÓDIGO DE CATEGORIA DE ASSUNTO
Código de Categoria de Assunto L40
100 1# - ENTRADA PRINCIPAL--NOME PESSOAL
Nome pessoal Prada, I.L. de S.
100 1# - ENTRADA PRINCIPAL--NOME PESSOAL
Nome pessoal Fernandes Filho, A.
100 1# - ENTRADA PRINCIPAL--NOME PESSOAL
Nome pessoal Borelli, V.
245 1# - TÍTULO
Título Contribuição ao estudo do sistema escretor do pâncreas em muares (Equus Caballus x Equus Asinus)
650 ## - ASSUNTO--TERMO TÓPICO
Cabeçalho tópico ou nome geográfico PANCREAS
650 ## - ASSUNTO--TERMO TÓPICO
Cabeçalho tópico ou nome geográfico JUMENTO
650 ## - ASSUNTO--TERMO TÓPICO
Cabeçalho tópico ou nome geográfico CAVALO
773 0# - ENTRADA ANALÍTICA
Título Revista da Faculdade de Medicina Veterinária e Zootecnia da Universidade de São Paulo (Brazil)
ISSN - International Standard Serial Number ISSN 0303-7525
Partes relacionadas (1974), v. 11 p. 271-293
Número de controle do registro BR0705964
909 ## -
-- 202311
-- Lúcia
-- 55
-- Lúcia Elande
942 ## - ELEMENTOS DE ENTRADA ADICIONADOS (KOHA)
Fonte da classificação ou esquema de arquivamento na estante Classificação AGRIS
Ocultar no OPAC Não
Tipo de material Koha Analítica
Exemplares
Situação do descarte Fonte da classificação ou esquema de arquivamento na estante Situação física Não pode ser emprestado Biblioteca de origem Biblioteca atual Localização na estante Enumeração do periódico / cronologia Total de empréstimos Data de último acesso Número do exemplar Tipo de material Koha Fonte de aquisição
  Classificação AGRIS   Consulta local Biblioteca Nacional de Agricultura - Binagri Biblioteca Nacional de Agricultura - Binagri   (1974), v. 11 p. 271-293   29/11/2023 01 Periódicos Portaria Interministerial nº 164/94

BINAGRI

Telefone: (61)3218-2567/2388/3357/2097 - binagri@agro.gov.br

Ministério da Agricultura e Pecuária , Esplanada dos Ministérios, Bloco D, Anexo B, Brasília/DF, CEP: 70.043-900